<?xml version="1.0" encoding="UTF-8"?><?xml-stylesheet type="text/xsl" href="static/style.xsl"?><OAI-PMH xmlns="http://www.openarchives.org/OAI/2.0/" xmlns:xsi="http://www.w3.org/2001/XMLSchema-instance" xsi:schemaLocation="http://www.openarchives.org/OAI/2.0/ http://www.openarchives.org/OAI/2.0/OAI-PMH.xsd"><responseDate>2026-06-06T02:46:29Z</responseDate><request verb="GetRecord" identifier="oai:riuma.uma.es:10630/31265" metadataPrefix="marc">https://riuma.uma.es/rest/oai/request</request><GetRecord><record><header><identifier>oai:riuma.uma.es:10630/31265</identifier><datestamp>2026-02-03T11:21:05Z</datestamp><setSpec>com_10630_2254</setSpec><setSpec>col_10630_37953</setSpec></header><metadata><record xmlns="http://www.loc.gov/MARC21/slim" xmlns:dcterms="http://purl.org/dc/terms/" xmlns:doc="http://www.lyncode.com/xoai" xmlns:xsi="http://www.w3.org/2001/XMLSchema-instance" xsi:schemaLocation="http://www.loc.gov/MARC21/slim http://www.loc.gov/standards/marcxml/schema/MARC21slim.xsd">
   <leader>00925njm 22002777a 4500</leader>
   <datafield ind2=" " ind1=" " tag="042">
      <subfield code="a">dc</subfield>
   </datafield>
   <datafield ind2=" " ind1=" " tag="720">
      <subfield code="a">Muñoz-Martos, María del Mar</subfield>
      <subfield code="e">author</subfield>
   </datafield>
   <datafield ind2=" " ind1=" " tag="720">
      <subfield code="a">Kazakov, Sergey</subfield>
      <subfield code="e">author</subfield>
   </datafield>
   <datafield ind2=" " ind1=" " tag="720">
      <subfield code="a">Ruiz-Alba Robledo, José Luis</subfield>
      <subfield code="e">author</subfield>
   </datafield>
   <datafield ind2=" " ind1=" " tag="260">
      <subfield code="c">2024</subfield>
   </datafield>
   <datafield ind2=" " ind1=" " tag="520">
      <subfield code="a">This research carries out a comparative analysis of the Internal Market Orientation&#xd;
(IMO) to a sample of small and medium enterprise companies, which has been&#xd;
divided into nine groups based on their business sectors. Applying the statistical&#xd;
technique of structural equations, the coefficients of four IMO inputs in each busi-&#xd;
ness sector are obtained. Next, the PROMETHEE multicriteria technique is applied&#xd;
to obtain a composite indicator of the IMO implementation of each business sector.&#xd;
The value of the composite indicator together with the GAIA plane allow to dis-&#xd;
tinguish the differences of the IMO profiles, their strengths and their weaknesses.&#xd;
The results show the divergences in the IMO inputs according to the sector, which&#xd;
is evidence that the business sector is a predictor of the IMO implementation of a&#xd;
company.</subfield>
   </datafield>
   <datafield ind1="8" ind2=" " tag="024">
      <subfield code="a">Muñoz, M.M., Kazakov, S. &amp; Ruiz-Alba, J.L. Sectorial evaluation and characterization of internal marketing orientation through multicriteria analysis. Oper Res Int J 24, 24 (2024). https://doi.org/10.1007/s12351-024-00835-8</subfield>
   </datafield>
   <datafield ind1="8" ind2=" " tag="024">
      <subfield code="a">https://hdl.handle.net/10630/31265</subfield>
   </datafield>
   <datafield ind1="8" ind2=" " tag="024">
      <subfield code="a">https://doi.org/10.1007/s12351-024-00835-8</subfield>
   </datafield>
   <datafield tag="653" ind2=" " ind1=" ">
      <subfield code="a">Mercado - Investigación</subfield>
   </datafield>
   <datafield tag="653" ind2=" " ind1=" ">
      <subfield code="a">Mercado - Análisis</subfield>
   </datafield>
   <datafield ind2="0" ind1="0" tag="245">
      <subfield code="a">Sectorial evaluation and characterization of internal marketing orientation through multicriteria analysis</subfield>
   </datafield>
</record>
</metadata></record></GetRecord></OAI-PMH>